| 000 | 00991nam a22002297a 4500 | ||
|---|---|---|---|
| 005 | 2010083008028.0 | ||
| 010 | _aMAR-20206 | ||
| 020 |
_c200.00 _a9788172947408 |
||
| 035 | _aMR-12864 | ||
| 037 | _bDBAD / PUB | ||
| 082 | _a891.463 | ||
| 100 |
_aलांजेवार, मुकेश _917711 |
||
| 245 |
_aआरोही / _cमुकेश लांजेवार |
||
| 246 |
_aAarohee _bby Mukesh Lanjewar |
||
| 260 |
_aपुणे _bदिलीपराज प्रकाशन _c2010 |
||
| 270 |
_a251 क, शनिवार पेठ, _bपुणे _e400020 |
||
| 300 |
_a187पृ _c21सेमी (अजिल्द) |
||
| 650 |
_aमराठी कादंबरी _917712 |
||
| 650 |
_aMarathi Fiction _917713 |
||
| 942 |
_2ddc _cMR _h891.463 _mलांजेवा |
||
| 999 |
_c43237 _d43237 |
||